Culture générale ! Une image... Un des... (22) - Statistiques

Statistiques générales
  • Ce quiz a été pris 54 fois
  • Le résultat moyen est 7 sur 20
Statistiques - réponses
Par images Hint Réponse % Correct
drapeaux du monde Nouvelle-Zélande
85%
des sports amércains rodéo
79%
des grandes compétitions de tennis Roland Garros | Internationaux de France
77%
une des armes de Mai 68 Pavé
74%
chanteuse française France Gall
72%
chateaux français Versailles
72%
des déesses Vénus
66%
des peintres français Henri Matisse
34%
des marques de verrerie Duralex
28%
des types de pince pince à {dénuder}
28%
types de verre verre à vin d {Alsace}
26%
des types de fauteuil fauteuil {club}
17%
chasseurs de la 2e Guerre mondiale Spitfire
17%
des types de chapeau borsalino
15%
des villes de France Nancy
15%
des présidents de l'Assemblée nationale Henri Emmanuelli
13%
monuments préférés des Français Monastère de {Brou}
6%
grades de l'armée Lieutenant-colonel
4%
des sportives françaises les plus médaillées aux JO Micheline Ostermeyer
2%
races de chien setter anglais
2%
Aucun quiz correspondant
Distribution des résultats
% des personnes avec chaque résultat
Percentile par nombre de réponses
Votre historique - résultats
Vous n’avez pas pris ce quiz